Normal view
MARC view
- C++ How to Program; Introducing the New C++14 Standard
Entry Topical Term
001 - CONTROL NUMBER
- control field: 69555
003 - CONTROL NUMBER IDENTIFIER
- control field: NUST
005 - DATE AND TIME OF LATEST TRANSACTION
- control field: 20210628204242.0
008 - FIXED-LENGTH DATA ELEMENTS
- fixed length control field: 210628|| aca||aabn | a|a d
040 ## - CATALOGING SOURCE
- Original cataloging agency: NUST
- Transcribing agency: NUST
150 ## - HEADING--TOPICAL TERM
- Topical term or geographic name entry element: C++ How to Program; Introducing the New C++14 Standard
670 ## - SOURCE DATA FOUND
- Source citation: Work cat.: (NUST): Deitel, Paul 17997, C++ how to program; introducing the new c++14 standard, 2018
